Drahokamy : výber prejavov prezidenta T.G. Masaryka počas návštevy v Bratislave 11.-13. októbra 1930 /

Main Author: Masaryk, Tomáš Garrigue, 1850-1937
Other Authors: Kühn, Ludvík, 1893-1963, Petříček, Adolf, 1883-1943
Language: Slovak
Published: Bratislava : [s.n.], 1930
Physical Description: 22 s. : il. ; 4°
Book
Saved in:
LEADER 00953nam a22002292a 4500
001 001619254
003 CZ BrMZK
005 20180305142330.0
007 ta
008 180305s1930 xo a er|||||||||||slo d
040 |a ABA001  |b cze  |c KLG001  |d ABA001  |d BOA001 
100 1 |a Masaryk, Tomáš Garrigue,  |d 1850-1937  |7 jk01080472  |4 aut 
245 1 0 |a Drahokamy :  |b výber prejavov prezidenta T.G. Masaryka počas návštevy v Bratislave 11.-13. októbra 1930 /  |c [za redakcie Ph. Dr. Kühna vydalo riaditeľstvo Slovenskej Grafie ; kresba Ad. Petříčka] 
260 |a Bratislava :  |b [s.n.],  |c 1930  |f (Slovenská Grafia) 
300 |a 22 s. :  |b il. ;  |c 4° 
500 |a Soukromý tisk 
700 1 |a Kühn, Ludvík,  |d 1893-1963  |7 jk01070702  |4 edt 
700 1 |a Petříček, Adolf,  |d 1883-1943  |7 jk01092873  |4 ill 
910 |a BOA001  |b Mas-0119.380 
990 |a BK 
991 |b 201802 
996 6 |b 2619198374  |c Mas-0119.380  |l MZK  |r Sklad / do 1 hodiny  |n 0  |w 001654822  |u 000010  |a 1  |e BOA001  |j MZK50  |s P